000 00694nam a2200205 i 4500
001 34281
003 ES-MaACL
005 20250712032633.0
007 t|
008 030204q1906 sp ||||1| spa d
100 1 _aBlasco Ibáñez, Vicente,
_d1867-1928
_929388
245 1 3 _aLa maja desnuda:
_bnovela /
_cV. Blasco Ibáñez.
260 _aValencia :
_bF. Sempere y Cía.,
_c[1906?]
300 _a390 p. ;
_c18 cm.
530 _aDisponible en formato digital.
852 _aES-MaACL
_jB-2650
_cSPB
_zRevisado enlace: 7 de julio de 2025
856 4 _uhttp://bdh-rd.bne.es/viewer.vm?id=0000140048&page=1
_yBiblioteca Digital Hispánica
942 _2udc
999 _c34281
_d34281